Vývoj žľaznatého parenchýnu a vývodných ciest mliečnych žliaz jalovíc a kráv slovenského strakatého plemena

Bibliographic Details
Main Authors: Kresan, Ján (Author), Marenčák, L. (Author)
Format: Article
Language:Slovak
PhysicalDescription:Obr. 6. Tb. 2. Res. rus., angl., lit. 13 zázn.
Subjects:

MARC

LEADER 00000nab a2200000 a 4500
001 vtls000153422
003 SK-MaSNL
005 20260303200333.0
008 160204c1982 xo 0 slo
015 |a SNBRA19rr/mm-uuuuu 
035 |a CL0163529 
040 |a SNKBUCL  |b slo  |c SNKBUCL  |e AACR2 
041 0 |a slo 
044 |a xo  |c SK 
080 |a 636.22/.283  |2 1981 
080 |a 591.469  |2 1981 
100 1 |a Kresan, Ján  |4 aut  |9 280153 
245 1 0 |a Vývoj žľaznatého parenchýnu a vývodných ciest mliečnych žliaz jalovíc a kráv slovenského strakatého plemena  |c Ján Kresan, L. Marenčák 
300 |b Obr. 6. Tb. 2. Res. rus., angl., lit. 13 zázn. 
650 0 7 |a mliečne žľazy  |2 snkbucl  |9 74681 
650 0 7 |a jalovice  |2 snkbucl  |9 2804 
650 0 7 |a slovenské strakaté plemeno  |2 snkbucl  |9 1230301 
650 0 7 |a parenchým  |2 snkbucl  |9 1230302 
655 7 |a články zo zborníkov  |2 snkbucl  |9 166140 
700 1 |a Marenčák, L.  |4 aut  |9 926312 
773 0 |t Acta zootechnica Universitatis agriculturae Nitra 38  |d Bratislava : Príroda, 1982  |g S. 15-25 
850 |a Slovenská národná knižnica v Martine  |a MTA001 
852 |a SNK  |b KIS3GCP 
958 |a NB 
958 |a RK 
992 |a RZB 
999 |c 2167688  |d 2169618